|
|
แสดงรายละเอียดบรรณานุกรม |
|
|
Brief Record
: Get Marc (ISO 2709)
: E-mail record
: |
|
|
| LEADER 00000nama 2200000uu 4500 | |||
| 001 197326 | |||
| 003 ULIBM | |||
| 008 040531s|||| th m m a000 0 tha d | |||
| 020 974-9770-70-6 | |||
| 041 tha | |||
| 050 WY152 ก492 2550 ล.1 | |||
| 100 ชมนาด วรรณศิริ | |||
| 245 การพยาบาลผู้ใหญ่ที่มีปัญหาในระบบต่างๆของร่างกาย : การประยุกต์ใช้แบบแผนสุขภาพ เล่ม 1 / บรรณาธิการ ชมนาด วรรณศิริ และวราภรณ์ สัตยวงศ์. | |||
| 260 นนทบุรี. โครงการสวัสดิการวิชาการ สถาบันพระบรมราชชนก. 2550. | |||
| 300 345 หน้า. | |||
| 650 1. การพยาบาลอายุรศาสตร์. 2. การพยาบาลผู้ใหญ่. 3. ผู้สูงอายุ--การพยาบาล. | |||
| 995 001 | |||
| คุณยังไม่ได้ล็อกอิน คุณสามารถมีกิจกรรมร่วมกับเว็บไซต์ได้ แต่ต้องล็อกอินก่อน :: |
|
| สถานะ | |||||||||
| 1. | หนังสือทั่วไป | WY152 ก492 2550 ล.1 | On Shelf ขอยืม | ||||||
| [แสดง 1/1 รายการ] | |||||||||
BibComment |
| คอมเมนท์ทรัพยากรรายการนี้ |
|
|